000 00723nam a22002057a 4500
005 20180726150454.0
010 _aB-216571
020 _a8131300633
_c695.00
035 _aB-216571, B-216567
037 _bA.P.H. Publishing Corporation
082 _a302.23
100 _aSingh, J.K.
245 _aTextbook of mass communication
_cJ.K. Singh
260 _aNew Delhi
_bA.P.H. Publishing Corporation
_c2007
270 _a5 Ansari road, Darya Ganj New Delhi-110002
_bNew Delhi
_e110002
300 _a274.00
_c22cm(hb)
500 _aIt contain index
942 _2ddc
_cEN
_h302.23
_mJIT
999 _c153532
_d153532